000 01319nam a22002537a 4500
003 NALT
005 20250718085143.0
008 240110b th ||||| |||| 00| 0 tha d
040 _aNALT
090 _aIS 14/2565 47
100 0 _962517
_aลักษณ์พรรณ แสงสีทอง
245 1 0 _aการศึกษาวิเคราะห์แนวทางการจัดตั้งองค์กรบริหารจัดการระบบตั๋วร่วมในประเทศไทย /
_cลักษณ์พรรณ แสงสีทอง ; สถาบันพระปกเกล้า.
260 _aกรุงเทพฯ :
_bสถาบันพระปกเกล้า,
_c2566.
300 _a92 หน้า :
_bภาพประกอบ, ตาราง ;
_c29 ซม.
650 4 _962546
_aตั๋ว
_xการจัดการ
653 4 _aระบบตั๋วร่วม
710 2 _92339
_aสถาบันพระปกเกล้า
850 _aNALT
942 _cIS
_2local
996 _achunbijaya.r
_bCATSTF
_c2024-01-10
996 _asaiphon.d
_bCATSTF
_c2024-01-10
999 _c104163
_d104163
998 _j111
_k นางสาวพจพิณ พรมเอี่ยม